000 00881pam a2200277 a 4500
001 4788022
003 OSt
005 20160729141100.0
008 871202s1989 pauaf b 001 0 eng c
010 _a 87035672
020 _a0721624758
040 _aDNLM/DLC
_cDLC
_dDLC
082 _aWB 200
_bS26t 1989
100 1 _aSwartz, Mark H.
_910497
245 1 0 _aTextbook of physical diagnosis :
_bhistory and examination /
_cMark H. Swartz.
260 _aPhiladelphia :
_bSaunders,
_c1989.
300 _axvi, 646 p., [16] p. of plates :
_bcol.ill ;
_c29 cm.
504 _aIncludes bibliographies and index.
650 0 _aPhysical diagnosis.
_92390
650 2 _aDiagnosis.
_92389
650 2 _aMedical History Taking.
_92391
650 2 _aPhysical Examination.
_93814
740 0 _aPhysical diagnosis.
906 _a7
_bcbc
_corignew
_d1
_eocip
_f19
_gy-gencatlg
942 _2z
_cO_SHELF
999 _c4886
_d4886